000 00625nam a22001695i 4500
001 159929
003 ES-MaACL
005 20251218063015.0
008 040914s1872 fr |||| | fre d
040 _aCAM
_bspa
_cCAM
100 1 _aMoltke, Helmuth Karl Bernhard Graf von,
_cConde de,
_d1800-1891
_9130038
245 1 0 _aLettres du maréchal de Moltke sur l'orient /
_ctraduite de l'allemand.
260 _aParis :
_bSandoz et Fischbacher éditeur,
_c1872 (
_fTypographie Lahure)
300 _aIII, 401 p. ;
_c19 cm.
852 _aES-MaACL
_jD-2648
_z-- Rust.
_z-- Legado M. de la Fuente
999 _c159929
_d159929